Hospital and health Care Administration (Record no. 343749)
[ view plain ]
| 000 -LEADER | |
|---|---|
| fixed length control field | 00428 a2200145 4500 |
| 022 ## - INTERNATIONAL STANDARD SERIAL NUMBER | |
| International Standard Serial Number | 8171796311 |
| 082 ## - DEWEY DECIMAL CLASSIFICATION NUMBER | |
| Classification number | 362.1 |
| 090 ## - LOCALLY ASSIGNED LC-TYPE CALL NUMBER (OCLC); LOCAL CALL NUMBER (RLIN) | |
| -- | 1221 |
| -- | 1221 |
| 100 ## - MAIN ENTRY--PERSONAL NAME | |
| Personal name | Gupta,l Shakti |
| 245 ## - TITLE STATEMENT | |
| Title | Hospital and health Care Administration |
| Remainder of title | Apprisal and Referral Treaties |
| Statement of responsibility, etc. | Shakti Gupta |
| Medium | Sunil Kant |
| 260 ## - PUBLICATION, DISTRIBUTION, ETC. | |
| Place of publication, distribution, etc. | New Delhi |
| Name of publisher, distributor, etc. | JAYPEE Brothers Medical Publishers |
| Date of publication, distribution, etc. | 1998 |
| 300 ## - PHYSICAL DESCRIPTION | |
| Extent | 296 |
| 500 ## - GENERAL NOTE | |
| General note | hard cover |
| 942 ## - ADDED ENTRY ELEMENTS (KOHA) | |
| Institution code [OBSOLETE] | NBS |
| Koha item type | Book |
| Call number prefix | 362.1 GUP |
| Withdrawn status | Lost status | Damaged status | Not for loan | Permanent Location | Current Location | Date acquired | Total Checkouts | Full call number | Barcode | Date last seen | Date last checked out | Price effective from | Koha item type |
|---|---|---|---|---|---|---|---|---|---|---|---|---|---|
| Central Library (CL) | Central Library (CL) | 08/28/2013 | 1 | 362.1 GUP | NBS3964 | 11/23/2017 | 08/22/2017 | 08/28/2013 | Book | ||||
| Central Library (CL) | Central Library (CL) | 08/28/2013 | 1 | 362.1 GUP | NBS2962 | 11/23/2017 | 08/22/2017 | 08/28/2013 | Book |
